Dcery květin. Mexické dědictví /
Poutavý příběh o lásce, síle rodiny a hledání sebe sama, odehrávající se v Mexiku na místech prodchnutých starobylou mayskou kulturou. První díl knižní série o pěti sestřenicích z květinové zahrady.
Uloženo v:
| Série: | Dcery květin,
část 1 |
|---|---|
| Hlavní autor: | |
| Další autoři: | |
| Médium: | Kniha |
| Jazyk: | Czech |
| Vydáno: |
Praha :
Metafora,
2025
|
| Vydání: | První vydání |
| Témata: | |
| Celkem bylo vypůjčeno: | 0x |
| Příbuzné jednotky: | Z cyklu::
Dcery květin |
| Tagy: |
Žádné tagy |
| LEADER | 02640nam a2200433 i 4500 | ||
|---|---|---|---|
| 001 | 106279 | ||
| 003 | CZ PrNK | ||
| 005 | 20260511102002.0 | ||
| 007 | ta | ||
| 008 | 250909s2025 xr g 000 f cze | ||
| 015 | |a cnb003708113 | ||
| 020 | |a 9788076259201 |q (brožováno) : |c Kč 469,00 | ||
| 040 | |a ABG001 |b cze |d ABA001 |e rda | ||
| 041 | 1 | |a cze |h ger | |
| 072 | 7 | |a 821.112.2-3 |x Německá próza, německy psaná |2 Konspekt |9 25 | |
| 080 | |a 821.112.2-31 |2 MRF | ||
| 080 | |a (0:82-31)-055.2 |2 MRF | ||
| 100 | 1 | |a Collins, Tessa, |d 1975- |7 xx0335865 |4 aut |9 117219 | |
| 240 | 1 | 0 | |a Blumentöchter. |l Česky |
| 245 | 1 | 0 | |a Dcery květin. |p Mexické dědictví / |c Tessa Collins ; přeložila Hana Švolbová |
| 246 | 3 | 0 | |a Mexické dědictví |
| 250 | |a První vydání | ||
| 264 | 1 | |a Praha : |b Metafora, |c 2025 | |
| 300 | |a 381 stran ; |c 21 cm | ||
| 336 | |a text |b txt |2 rdacontent | ||
| 337 | |a bez média |b n |2 rdamedia | ||
| 338 | |a svazek |b nc |2 rdacarrier | ||
| 500 | |a Přeloženo z němčiny | ||
| 520 | 2 | |a Poutavý příběh o lásce, síle rodiny a hledání sebe sama, odehrávající se v Mexiku na místech prodchnutých starobylou mayskou kulturou. První díl knižní série o pěti sestřenicích z květinové zahrady. |b Dalia vyrostla na pobřeží anglického Cornwallu v nádherném zahradnictví svých prarodičů. Ani jednoho ze svých rodičů nepoznala, vychovali ji babička s dědečkem. Když prarodiče zemřou, Dalia jako by začala ztrácet pevnou půdu pod nohama. Přestává ji naplňovat práce grafické designérky a i v rodině se cítí svým způsobem osamocená. Pak ale v babiččině pozůstalosti náhodou objeví něco, co jí navždy změní život: dopis od jejího údajně neznámého otce. Proč jí babička tajila, že ho zná? Dalia se bez dlouhého váhání rozhodne k odvážnému kroku - odjede do Mexika, aby se pokusila otce najít. Vydává se po stopách lásky, která se rozhořela v rozvalinách starobylých mayských měst, a sama prostřednictvím pozorného Pabla zakouší její sílu. Dočká se odpovědí na své otázky a najde místo v životě? Nakladatelská anotace. Kráceno. | |
| 655 | 7 | |a německé romány |7 fd132945 |2 czenas |9 53752 | |
| 655 | 7 | |a romány pro ženy |7 fd187897 |2 czenas |9 115 | |
| 655 | 9 | |a German fiction |2 eczenas | |
| 655 | 9 | |a women's novels |2 eczenas | |
| 700 | 1 | |a Švolbová, Hana, |d 1982- |7 xx0175809 |4 trl |9 115057 | |
| 787 | 0 | 8 | |i Z cyklu: |t Dcery květin |g 1 |
| 910 | |a UOG502 | ||
| 942 | |2 ddc |c KN | ||
| 999 | |d 106279 | ||
| 993 | |0 0 |1 421180107003 |2 ddc |4 0 |7 0 |9 99646 |b 0 |c 107003 |d 2026-05-11 |e 0 |f DOSP |h 469.00 |i Koupě |l DOSP |r 2026-05-12 |t 6 |w 2026-05-11 |y KN |z BELET |n | ||